000 00514nam a2200169 4500
001 136034
003 ES-MaACL
005 20230906195023.0
007 t|
008 070214s1960 sp r ||||1| spa d
100 1 _aRoviralta, Emilio.
_9100163
245 1 0 _aDiagnóstico y tratamiento del megacolon /
_cEmilio Roviralta, José María Casasa.
260 _aBarcelona :
_bL.Y.E.,
_c1960.
300 _a183 p. :
_bil. ;
_c22 cm.
700 1 _aCasasa, José María.
_936241
852 _aES-MaACL
_jC-19183
_bR.46688
999 _c136034
_d136034